<?xml version="1.0" encoding="UTF-8"?>
<record
    xmlns:xsi="http://www.w3.org/2001/XMLSchema-instance"
    xsi:schemaLocation="http://www.loc.gov/MARC21/slim http://www.loc.gov/standards/marcxml/schema/MARC21slim.xsd"
    xmlns="http://www.loc.gov/MARC21/slim">

  <leader>01115nam a2200289Ia 4500</leader>
  <controlfield tag="003">OSt</controlfield>
  <controlfield tag="005">20240913152825.0</controlfield>
  <controlfield tag="008">210329s9999||||xx |||||||||||||| ||und||</controlfield>
  <datafield tag="020" ind1=" " ind2=" ">
    <subfield code="a">9788126434503</subfield>
  </datafield>
  <datafield tag="040" ind1=" " ind2=" ">
    <subfield code="c">STCPL</subfield>
  </datafield>
  <datafield tag="041" ind1=" " ind2=" ">
    <subfield code="a">MAL</subfield>
  </datafield>
  <datafield tag="082" ind1=" " ind2=" ">
    <subfield code="a">M4</subfield>
    <subfield code="b">ABD-A</subfield>
  </datafield>
  <datafield tag="100" ind1=" " ind2=" ">
    <subfield code="a">Kalam, A. P. J. Abdul </subfield>
    <subfield code="q">&#xD0E;. &#xD2A;&#xD3F;. &#xD1C;&#xD46; &#xD05;&#xD2C;&#xD4D;&#xD26;&#xD41;&#xD7D; &#xD15;&#xD3E;&#xD32;&#xD02; </subfield>
  </datafield>
  <datafield tag="100" ind1=" " ind2=" ">
    <subfield code="a">Rajan, Y. S. </subfield>
    <subfield code="q">&#xD35;&#xD48;. &#xD0E;&#xD38;&#xD4D;. &#xD30;&#xD3E;&#xD1C;&#xD7B;</subfield>
  </datafield>
  <datafield tag="245" ind1=" " ind2="0">
    <subfield code="a">Avasarangal velluvilikal :</subfield>
    <subfield code="b">21am noottandile namukuchuttumulla lokathinoru vazhikatti /</subfield>
    <subfield code="c">by A. P. J. Abdul Kalam and Y. S. Rajan </subfield>
    <subfield code="h"> &#xD05;&#xD35;&#xD38;&#xD30;&#xD19;&#xD4D;&#xD19;&#xD7E; &#xD35;&#xD46;&#xD32;&#xD4D;&#xD32;&#xD41;&#xD35;&#xD3F;&#xD33;&#xD3F;&#xD15;&#xD7E; : 21 &#xD28;&#xD42;&#xD31;&#xD4D;&#xD31;&#xD3E;&#xD23;&#xD4D;&#xD1F;&#xD3F;&#xD32;&#xD46; &#xD28;&#xD2E;&#xD4D;&#xD2E;&#xD41;&#xD15;&#xD4D;&#xD15;&#xD41; &#xD1A;&#xD41;&#xD31;&#xD4D;&#xD31;&#xD41;&#xD2E;&#xD41;&#xD33;&#xD4D;&#xD33; &#xD32;&#xD4B;&#xD15;&#xD24;&#xD4D;&#xD24;&#xD3F;&#xD28;&#xD4A;&#xD30;&#xD41; &#xD35;&#xD34;&#xD3F;&#xD15;&#xD3E;&#xD1F;&#xD4D;&#xD1F;&#xD3F; </subfield>
  </datafield>
  <datafield tag="260" ind1=" " ind2=" ">
    <subfield code="a">Kottayam :</subfield>
    <subfield code="b">D C Books ,</subfield>
    <subfield code="c">2012 .</subfield>
  </datafield>
  <datafield tag="300" ind1=" " ind2=" ">
    <subfield code="a">224 p.</subfield>
    <subfield code="b">PB</subfield>
  </datafield>
  <datafield tag="650" ind1=" " ind2=" ">
    <subfield code="a">Malayalam literature</subfield>
  </datafield>
  <datafield tag="650" ind1=" " ind2=" ">
    <subfield code="a">Non-Fiction </subfield>
  </datafield>
  <datafield tag="650" ind1=" " ind2=" ">
    <subfield code="a">Essay</subfield>
  </datafield>
  <datafield tag="650" ind1=" " ind2=" ">
    <subfield code="a">Article </subfield>
  </datafield>
  <datafield tag="650" ind1=" " ind2=" ">
    <subfield code="a">Treatise </subfield>
  </datafield>
  <datafield tag="700" ind1=" " ind2=" ">
    <subfield code="a">Santhoshkumar, V. T. (tr.)</subfield>
  </datafield>
  <datafield tag="700" ind1=" " ind2=" ">
    <subfield code="a">Sajin, P. J. (tr.)</subfield>
  </datafield>
  <datafield tag="942" ind1=" " ind2=" ">
    <subfield code="c">BK</subfield>
  </datafield>
  <datafield tag="942" ind1=" " ind2=" ">
    <subfield code="2">ddc</subfield>
  </datafield>
  <datafield tag="999" ind1=" " ind2=" ">
    <subfield code="c">68791</subfield>
    <subfield code="d">68791</subfield>
  </datafield>
  <datafield tag="952" ind1=" " ind2=" ">
    <subfield code="0">0</subfield>
    <subfield code="1">0</subfield>
    <subfield code="2">ddc</subfield>
    <subfield code="4">0</subfield>
    <subfield code="8">MAL</subfield>
    <subfield code="7">0</subfield>
    <subfield code="a">STCPL</subfield>
    <subfield code="b">STCPL</subfield>
    <subfield code="c">MAL</subfield>
    <subfield code="d">2021-07-10</subfield>
    <subfield code="g">80.00</subfield>
    <subfield code="l">0</subfield>
    <subfield code="o">M4  ABD-A</subfield>
    <subfield code="p">82942</subfield>
    <subfield code="r">2021-07-10 00:00:00</subfield>
    <subfield code="w">2021-07-10</subfield>
    <subfield code="y">BK</subfield>
  </datafield>
</record>
